Sports Quiz

Random Sports or Europe Quiz

UEFA Euro Champs Quiz Stats

 Plays Quiz Updated Jan 24, 2019

Score 0/15 Timer 04:00
0 Plays Today
Year Winner % Correct
2012Spain
91.2%
2016Portugal
90.7%
2004Greece
85.7%
2000France
85.2%
2008Spain
81.5%
1996Germany
80.4%
1960USSR
67.5%
1968Italy
65.3%
Year Winner % Correct
1992Denmark
63.2%
1984France
61.4%
1964Spain
60.2%
1988Netherlands
59.5%
1972West Germany
56.1%
1980West Germany
52.4%
1976Czechoslovakia
36.5%

You're not logged in!

Compare scores with friends on all Sporcle quizzes.
OR
Log In

Sporcle TV

Today on Sporcle TV


Watch our educational content, quiz creation guides, and fun videos on Sporcle TV.

Show Comments

Extras

Top Quizzes Today


Score Distribution

Your Account Isn't Verified!

In order to create a playlist on Sporcle, you need to verify the email address you used during registration. Go to your Sporcle Settings to finish the process.

Report this User

Report this user for behavior that violates our Community Guidelines.

Details: